000 00685nam a2200253Ia 4500
003 OSt
005 20221006143706.0
006 a|||||r|||| 00| 0
007 ta
008 221006b |||||||| |||| 00| 0 eng d
020 _c
_19.50
024 _a9,680
037 _cTextual
040 _aEASL
_cEASL
_beng
041 _2eng
_aeng
082 _aX41v41.N4, L5
100 _aCHANG Kia-Ngau
_9650254
245 0 _aChina's struggle for railroad development
260 _aNew York
_bDa Caop Press
_c1975
300 _a340p.
_ccm.
490 _v CEL
_aChina in the 20th century
942 _hX41v41.N4, L5
_cTEXL
_2CC
999 _c1077766
_d1077766